Brazylijscy kierowcy Formuły 1 (2000-teraz) - Statystyki

Ogólne statystyki
  • Ten quiz został rozwiązany 25 razy
  • Średni wynik to 6 z 15
Statystyki odpowiedzi
Zwycięzca Kierowca % Poprawnych
Felipe Massa
100%
Rubens Barrichello
80%
x Bruno Senna
76%
x Gabriel Bortoleto
68%
x Nelson Piquet
56%
x Pietro Fittipaldi
44%
x Felipe Nasr
36%
x Lucas di Grassi
28%
x Ricardo Zonta
28%
x Antonio Pizzonia
20%
x Pedro Diniz
16%
x Tarso Marques
16%
x Cristiano da Matta
12%
x Enrique Bernoldi
12%
x Luciano Burti
8%
Nie znaleziono quizów pasujących do podanych kryteriów
Rozkład punktacji
Procent ludzi z każdym wynikiem
Percentyl według liczby udzielonych odpowiedzi
Twoja historia wyników
Nie rozwiązałeś tego quizu